00922nam a2200265 a 450000100060000000300080000600500170001400800410003102000150007203500190008704000260010604100080013208200240014010000690016424501330023326000510036630000330041749000380045050400490048865000220053765000320055965000230059170000210061470000210063574681BD-RjUL20211209082604.0181118s1979 wa a|||| b||| 001 0 eng d a0721671195 a(BD-RjUL)74899 aBD-RjULbengcBD-RjUL aeng 223a543.5bPAI 19791 aPavia, Donald L.edept of Chemistry Western Wasington University10aIntroduction to spectroscopy : a guide for Students of organic Chemistry / cDonald L Pavia , Gary M. Lampman and George S. Kriz aWest Wasington :bSaunders Collge pub. ,c1979 aXii, 366 p. :bill. ;c27 cm aSounders Golden Sunburst series ; aIncludes bibliographical Reference and index aSpectrum analysis aOrganic compounds--Analysis aChemistry, Organic aLampman,Gary M.  aKriz, George S.